000 00421nam a22001697a 4500
003 NUST - PNEC
005 20170116181143.0
008 151008b xxu||||| |||| 00| 0 eng d
020 _a-
040 _cLIBRARY
082 _a954.031 THO
100 _914822
_aThompson, Edward
245 _aThe making of the india princes
_cEdward Thompson
260 _cc.1978
650 _914824
_aIndia
_xGeneral
942 _2ddc
_cBK
999 _c70585
_d70585